Poesía reunida
Na minha lista:
| Autor principal: | |
|---|---|
| Formato: | Livro |
| Idioma: | espanhol |
| Publicado em: |
Santiago, Chile
Ediciones Universidad Diego Portales
2015
|
| Edição: | 2a. ed |
| Assuntos: | |
| Tags: |
Adicionar Tag
Sem tags, seja o primeiro a adicionar uma tag!
|
MARC
| LEADER | 00000cam a2200000 a 4500 | ||
|---|---|---|---|
| 001 | UCD0350 | ||
| 003 | CL-VaPUC | ||
| 005 | 20250114124020.0 | ||
| 008 | 151127e20150000cl |||||||||||||||||spa|d | ||
| 999 | |c 361915 |d 361913 | ||
| 020 | |a 9789563142686 | ||
| 040 | |c Pontificia Universidad Católica de Valparaíso | ||
| 082 | 0 | 4 | |a Pe861 VAL 2015 |2 21 |
| 100 | |a Vallejo, César |e autor |9 269109 | ||
| 245 | 1 | 0 | |a Poesía reunida |
| 250 | |a 2a. ed | ||
| 260 | 0 | 3 | |a Santiago, Chile |b Ediciones Universidad Diego Portales |c 2015 |
| 300 | |a 408 páginas | ||
| 583 | |a last modification |c 20151127 13:45:00 |k Rodrigo Vera | ||
| 650 | 0 | |a Poesías peruanas |9 267668 | |
| 650 | 0 | |a Literatura peruana |9 257452 | |
| 942 | |c BK |2 ddc | ||
| 945 | |d 20151127 13:45:00 |a dcastane | ||
| 952 | |0 0 |1 0 |2 ddc |3 erb |4 0 |6 PE_861_000000000000000_VAL_2015 |7 0 |8 A |9 472661 |a BIBART |b BIBART |i 5252415 |l 1 |o Pe861 VAL 2015 |p 5252415 |r 2025-03-13 |s 2022-03-07 |t 1 |w 2019-11-24 |y BK |z Catalogado en:20151127 |k ART | ||